Buger King ou MacDo 🇫🇷 - Statistiques

Statistiques générales
  • Ce quiz a Ă©tĂ© pris 583 fois
  • Le rĂ©sultat moyen est 16 sur 18
Statistiques - réponses
Par images Réponse % Correct
B
100%
M
98%
B
93%
B
93%
B
92%
M
92%
M
92%
M
91%
M
91%
B
90%
M
89%
M
89%
B
88%
B
88%
B
88%
B
86%
M
86%
M
86%
Aucun quiz correspondant
Distribution des résultats
% des personnes avec chaque résultat
Percentile par nombre de réponses
Votre historique - résultats
Vous n’avez pas pris ce quiz